[Event "2024 National Elementary (K-6) Championship"]
[Site "Columbus, Ohio, United States"]
[Date "2024.04.28"]
[Round "6.26"]
[White "Chen, Jonathan Wu"]
[Black "Deutsch, Andrew Thomas"]
[Result "1-0"]
[TimeControl "G/90; d10"]
[WhiteElo "657"]
[BlackElo "698"]

1. e4 {[%clk 01:30:00]} e5 {[%clk 01:30:00]} {[%emt 00:00:09]} 2. Nf3 {[%clk
01:30:00]} {[%emt 00:00:06]} Nc6 {[%clk 01:30:00]} {[%emt 00:00:09]} 3. Bc4
{[%clk 01:29:31]} {[%emt 00:00:39]} Nf6 {[%clk 01:29:50]} {[%emt 00:00:20]} 4.
d3 {[%clk 01:29:21]} {[%emt 00:00:21]} Bc5 {[%clk 01:29:38]} {[%emt 00:00:21]}
5. c3 {[%clk 01:29:11]} {[%emt 00:00:20]} O-O {[%clk 01:29:28]} {[%emt
00:00:20]} 6. O-O {[%clk 01:29:07]} {[%emt 00:00:14]} h6 {[%clk 01:29:06]}
{[%emt 00:00:32]} 7. Re1 {[%clk 01:28:38]} {[%emt 00:00:38]} d6 {[%clk
01:29:05]} {[%emt 00:00:11]} 8. Nbd2 {[%clk 01:28:12]} {[%emt 00:00:37]} Bg4
{[%clk 01:28:37]} {[%emt 00:00:38]} 9. Nf1 {[%clk 01:27:40]} {[%emt 00:00:40]}
Ne7 {[%clk 01:27:12]} {[%emt 00:01:37]} 10. h3 {[%clk 01:27:27]} {[%emt
00:00:24]} Bh5 {[%clk 01:26:58]} {[%emt 00:00:23]} 11. Ng3 {[%clk 01:27:02]}
{[%emt 00:00:35]} Bg6 {[%clk 01:26:21]} {[%emt 00:00:47]} 12. Be3 {[%clk
01:26:33]} {[%emt 00:00:39]} Bb6 {[%clk 01:25:26]} {[%emt 00:01:06]} 13. Qd2
{[%clk 01:24:26]} {[%emt 00:02:17]} Bxe3 {[%clk 01:24:29]} {[%emt 00:01:05]} 14.
Qxe3 {[%clk 01:23:41]} {[%emt 00:00:55]} c5 {[%clk 01:23:49]} {[%emt 00:00:51]}
15. d4 {[%clk 01:22:55]} {[%emt 00:00:56]} cxd4 {[%clk 01:23:38]} {[%emt
00:00:21]} 16. cxd4 {[%clk 01:22:18]} {[%emt 00:00:46]} Nc6 {[%clk 01:23:23]}
{[%emt 00:00:26]} 17. Rad1 {[%clk 01:21:38]} {[%emt 00:00:51]} Qe7 {[%clk
01:23:15]} {[%emt 00:00:17]} 18. dxe5 {[%clk 01:20:49]} {[%emt 00:00:59]} Nxe5
{[%clk 01:21:23]} {[%emt 00:02:02]} 19. Nxe5 {[%emt 00:00:49]} Qxe5 {[%clk
01:20:05]} {[%emt 00:01:17]} 20. Rd2 {[%clk 01:18:43]} {[%emt 00:01:48]} Rfe8
{[%clk 01:19:32]} {[%emt 00:00:43]} 21. Qb3 {[%clk 01:16:29]} {[%emt 00:00:31]}
Bxe4 {[%clk 01:17:39]} {[%emt 00:03:55]} 22. Bxf7+ {[%clk 01:15:35]} {[%emt
00:01:05]} Kf8 {[%clk 01:17:21]} {[%emt 00:00:29]} 23. Bxe8 {[%emt 00:00:25]}
Rxe8 {[%emt 00:00:12]} 24. f3 {[%clk 01:14:31]} {[%emt 00:00:37]} Qxg3 {[%clk
01:17:03]} {[%emt 00:00:27]} 25. Ree2 {[%emt 00:03:01]} Bd5 {[%clk 01:13:12]}
{[%emt 00:02:08]} 26. Rxe8+ {[%clk 01:12:07]} {[%emt 00:01:36]} Kxe8 {[%clk
01:12:49]} {[%emt 00:00:33]} 27. Qe3+ {[%clk 01:11:02]} {[%emt 00:01:15]} Qe5
{[%clk 01:12:21]} {[%emt 00:00:37]} 28. Qxe5+ {[%clk 01:09:12]} {[%emt
00:02:01]} dxe5 {[%clk 01:11:55]} {[%emt 00:00:35]} 29. Re2 {[%clk 01:08:33]}
{[%emt 00:00:49]} Nd7 {[%clk 01:10:44]} {[%emt 00:01:22]} 30. f4 {[%clk
01:08:04]} {[%emt 00:00:38]} e4 {[%clk 01:10:05]} {[%emt 00:00:51]} 31. Kf2
{[%clk 01:07:25]} {[%emt 00:00:46]} Nf6 {[%clk 01:09:42]} {[%emt 00:00:34]} 32.
g4 {[%emt 00:00:59]} g5 {[%emt 00:00:35]} 33. Kg3 {[%clk 01:04:59]} {[%emt
00:01:00]} Bxa2 {[%clk 01:07:44]} {[%emt 00:02:11]} 34. fxg5 {[%clk 01:03:53]}
{[%emt 00:01:15]} hxg5 {[%clk 01:07:03]} {[%emt 00:00:52]} 35. h4 {[%emt
00:04:23]} Be6 {[%clk 01:01:48]} {[%emt 00:01:54]} 36. hxg5 {[%clk 01:01:22]}
{[%emt 00:00:58]} Nxg4 {[%emt 00:01:08]} 37. Rxe4 {[%emt 00:00:26]} Kf7 {[%clk
00:58:37]} {[%emt 00:02:46]} 38. Kh4 {[%clk 01:01:07]} {[%emt 00:00:27]} Bf5
{[%clk 00:55:23]} {[%emt 00:03:23]} 39. Rc4 {[%clk 01:00:12]} {[%emt 00:01:01]}
Ne5 {[%clk 00:47:53]} {[%emt 00:07:40]} 40. Rc7+ {[%clk 00:59:39]} {[%emt
00:00:40]} Kg6 {[%clk 00:44:07]} {[%emt 00:04:02]} 41. Rxb7 {[%clk 00:58:35]}
{[%emt 00:01:16]} a6 {[%clk 00:43:33]} {[%emt 00:00:45]} 42. Rb6+ {[%clk
00:58:02]} {[%emt 00:00:42]} Kf7 {[%clk 00:42:40]} {[%emt 00:01:01]} 43. Rxa6
{[%clk 00:57:08]} {[%emt 00:01:05]} Bd3 {[%clk 00:41:24]} {[%emt 00:01:26]} 44.
Ra3 {[%clk 00:56:41]} {[%emt 00:00:36]} Bg6 {[%clk 00:35:33]} {[%emt 00:06:00]}
45. b4 {[%clk 00:55:11]} {[%emt 00:01:43]} Ke7 {[%clk 00:34:33]} {[%emt
00:01:10]} 46. Rc3 {[%clk 00:54:34]} {[%emt 00:00:47]} Nd3 {[%emt 00:00:55]} 47.
b5 {[%emt 00:00:22]} Kd6 {[%clk 00:33:13]} {[%emt 00:00:23]} 48. b6 {[%clk
00:53:55]} {[%emt 00:00:49]} Nc5 {[%clk 00:33:13]} {[%emt 00:00:06]} 49. Rxc5
{[%clk 00:53:11]} {[%emt 00:00:56]} Kxc5 {[%clk 00:33:13]} {[%emt 00:00:06]} 50.
b7 {[%clk 00:53:11]} {[%emt 00:00:09]} Kc6 {[%clk 00:33:08]} {[%emt 00:00:14]}
51. b8=Q {[%emt 00:00:27]} Kd7 {[%emt 00:00:10]} 52. Qb7+ {[%clk 00:51:51]}
{[%emt 00:00:54]} Ke6 {[%emt 00:00:13]} 53. Qb6+ {[%emt 00:00:20]} Kf7 {[%clk
00:32:18]} {[%emt 00:00:14]} 54. Qf6+ {[%clk 00:51:09]} {[%emt 00:01:05]} Kg8
{[%emt 00:00:16]} 55. Qxg6+ {[%emt 00:00:07]} Kh8 {[%clk 00:31:13]} 56. Qf6+
{[%clk 00:51:07]} {[%emt 00:01:02]} Kg8 {[%clk 00:30:43]} {[%emt 00:00:24]} 57.
Qh6 {[%clk 00:50:51]} {[%emt 00:00:42]} Kf7 {[%emt 00:00:04]} 58. g6+ {[%emt
00:00:28]} Kf6 {[%clk 00:29:58]} {[%emt 00:00:08]} 59. g7+ {[%clk 00:50:39]}
{[%emt 00:00:38]} Kf7 {[%clk 00:29:58]} {[%emt 00:00:02]} 60. Qh7 {[%clk
00:50:19]} {[%emt 00:00:30]} Kf6 {[%clk 00:29:58]} {[%emt 00:00:08]} 61. g8=Q
{[%emt 00:00:43]} Ke5 {[%emt 00:00:03]} 62. Qg5+ {[%clk 00:49:00]} {[%emt
00:00:43]} Kd4 {[%clk 00:29:23]} {[%emt 00:00:44]} 63. Qd7+ {[%clk 00:48:02]}
{[%emt 00:01:09]} Ke5 {[%clk 00:29:21]} {[%emt 00:00:07]} 64. Qgf5# {[%clk
00:47:46]} {[%emt 00:00:31]} 1-0

[Event "2024 National Elementary (K-6) Championship"]
[Site "Columbus, Ohio, United States"]
[Date "2024.04.28"]
[Round "6.27"]
[White "Kelsch, Gallagher"]
[Black "Gupta, Ishani Sarin"]
[Result "1-0"]
[TimeControl "G/90; d10"]
[WhiteElo "901"]
[BlackElo "962"]

1. d4 {[%clk 01:30:00]} {[%emt 00:00:02]} d5 {[%clk 01:30:00]} {[%emt
00:00:02]} 2. c4 {[%clk 01:30:00]} {[%emt 00:00:08]} Nf6 {[%clk 01:30:00]}
{[%emt 00:00:08]} 3. cxd5 {[%clk 01:30:00]} {[%emt 00:00:09]} Nxd5 {[%clk
01:30:00]} {[%emt 00:00:04]} 4. e4 {[%clk 01:30:00]} {[%emt 00:00:05]} Nf6
{[%clk 01:29:51]} {[%emt 00:00:20]} 5. Nc3 {[%clk 01:30:00]} {[%emt 00:00:05]}
Nc6 {[%clk 01:28:25]} {[%emt 00:01:36]} 6. d5 {[%clk 01:29:58]} {[%emt
00:00:12]} Ne5 {[%clk 01:28:21]} {[%emt 00:00:14]} 7. f4 {[%clk 01:29:58]}
{[%emt 00:00:09]} Ng6 {[%clk 01:26:31]} {[%emt 00:01:59]} 8. e5 {[%clk
01:29:58]} {[%emt 00:00:03]} Ng4 {[%clk 01:22:58]} {[%emt 00:03:43]} 9. Bb5+
{[%clk 01:29:21]} {[%emt 00:00:47]} c6 {[%clk 01:22:07]} {[%emt 00:01:01]} 10.
dxc6 {[%clk 01:29:05]} {[%emt 00:00:26]} Qxd1+ {[%clk 01:19:33]} {[%emt
00:02:44]} 11. Kxd1 {[%clk 01:29:05]} {[%emt 00:00:08]} Rb8 {[%clk 01:17:37]}
{[%emt 00:02:06]} 12. c7+ {[%clk 01:29:05]} {[%emt 00:00:08]} Bd7 {[%clk
01:16:35]} {[%emt 00:01:12]} 13. cxb8=Q# {[%clk 01:29:03]} {[%emt 00:00:10]}
1-0